El Salvador: las "elecciones del siglo" /
S.R
Uloženo v:
| Hlavní autor: | |
|---|---|
| Médium: | Text |
| Témata: | |
| Tagy: |
Přidat tag
Žádné tagy, Buďte první, kdo vytvoří štítek k tomuto záznamu!
|
MARC
| LEADER | 00000 a a2200000 04500 | ||
|---|---|---|---|
| 001 | 8407 | ||
| 003 | |||
| 040 | |||
| 100 | |a Flores G, Víctor | ||
| 245 | |a El Salvador: |b las "elecciones del siglo" / |c Víctor Flores G | ||
| 520 | |a S.R | ||
| 650 | |a SISTEMAS POLITICOS | ||
| 650 | |a PARTIDOS POLITICOS | ||
| 650 | |a ELECCIONES | ||
| 650 | |a FUERZAS ARMADAS | ||
| 650 | |a ZONAS RURALES | ||
| 773 | |g número 21; páginas 14-15 | ||
| 999 | |c 38727 |d 38727 | ||
